[Event "WchT Seniors 50"]
[Site "Rhodes"]
[Date "2019.04.24"]
[Round "9.7"]
[White "Ross, Paul"]
[Black "Frostick, Clive A"]
[Result "1/2-1/2"]
[WhiteElo "2237"]
[BlackElo "2121"]
[PlyCount "74"]
[EventDate "2019.04.16"]
[EventType "team-swiss"]
[EventRounds "9"]
[EventCountry "GRE"]
[SourceTitle "CBM 190 Extra"]
[Source "ChessBase"]
[SourceDate "2019.07.15"]
[SourceVersion "1"]
[SourceVersionDate "2019.07.15"]
[SourceQuality "1"]
[WhiteTeam "Canada"]
[BlackTeam "England II"]
[WhiteTeamCountry "CAN"]
[BlackTeamCountry "ENG"]

1. d4 d5 2. c4 e6 3. Nf3 Nf6 4. g3 Bb4+ 5. Bd2 Be7 6. Bg2 0-0 7. 0-0 c6 8. Qc2 Nbd7 9. Bf4 Nh5 10. Bc1 Nhf6 11. Nbd2 b6 12. e4 dxe4 13. Nxe4 Nxe4 14. Qxe4 Bb7 15. Ne5 Rc8 16. Bf4 Nxe5 17. Bxe5 Bd6 18. Qf4 Bxe5 19. dxe5 Qe7 20. Rad1 c5 21. Rd6 Rfd8 22. Rfd1 Bxg2 23. Kxg2 h6 24. Qd2 Rxd6 25. exd6 Qb7+ 26. f3 Rd8 27. Qd3 Rd7 28. b3 Qc6 29. h4 f6 30. a3 a5 31. g4 Kf7 32. Kg3 e5 33. Rd2 Ke6 34. Qf5+ Kf7 35. Qd3 Ke6 36. Qh7 Kf7 37. Qd3 Ke6 1/2-1/2

[Event "WchT Seniors 50"]
[Site "Rhodes"]
[Date "2019.04.23"]
[Round "8.9"]
[White "Gamback, Bjorn"]
[Black "Ross, Paul"]
[Result "1/2-1/2"]
[WhiteElo "2101"]
[BlackElo "2237"]
[PlyCount "52"]
[EventDate "2019.04.16"]
[EventType "team-swiss"]
[EventRounds "9"]
[EventCountry "GRE"]
[SourceTitle "CBM 190 Extra"]
[Source "ChessBase"]
[SourceDate "2019.07.15"]
[SourceVersion "1"]
[SourceVersionDate "2019.07.15"]
[SourceQuality "1"]
[WhiteTeam "Sweden"]
[BlackTeam "Canada"]
[WhiteTeamCountry "SWE"]
[BlackTeamCountry "CAN"]

1. Nf3 g6 2. e4 Bg7 3. d4 d6 4. Nc3 a6 5. Be3 b5 6. a3 Nd7 7. Be2 Bb7 8. 0-0 Ngf6 9. e5 Nd5 10. Nxd5 Bxd5 11. exd6 cxd6 12. b3 0-0 13. c4 bxc4 14. bxc4 Bb7 15. Rb1 Qc7 16. Nd2 Rfc8 17. Bf3 Rab8 18. Bxb7 Rxb7 19. Rxb7 Qxb7 20. Qe2 Qc6 21. Rb1 Rb8 22. Rxb8+ Nxb8 23. Qd1 Nd7 24. Qb3 e6 25. Kf1 d5 26. cxd5 exd5 1/2-1/2

[Event "WchT Seniors 50"]
[Site "Radebeul"]
[Date "2016.07.03"]
[Round "8.6"]
[White "Ponater, Michael"]
[Black "Ross, Paul"]
[Result "1/2-1/2"]
[WhiteElo "2159"]
[BlackElo "2282"]
[PlyCount "71"]
[EventDate "2016.06.26"]
[EventType "team-swiss"]
[EventRounds "9"]
[EventCountry "GER"]
[SourceTitle "CBM 173 Extra"]
[Source "ChessBase"]
[SourceDate "2016.08.29"]
[SourceVersion "1"]
[SourceVersionDate "2016.08.29"]
[SourceQuality "1"]
[WhiteTeam "Monheim"]
[BlackTeam "Canada"]
[WhiteTeamCountry "GER"]
[BlackTeamCountry "CAN"]

1. e4 g6 2. Nc3 Bg7 3. d4 d6 4. Be2 a6 5. a4 b6 6. Be3 Bb7 7. Qd2 Nd7 8. f3 h6 9. h4 e6 10. h5 g5 11. g4 Ne7 12. Nh3 d5 13. e5 c5 14. f4 gxf4 15. Nxf4 cxd4 16. Bxd4 Nc6 17. Bf2 Ndxe5 18. 0-0-0 Na5 19. Rhe1 Nac4 20. Bxc4 Nxc4 21. Nxe6 fxe6 22. Rxe6+ Kd7 23. Qe2 Bxc3 24. bxc3 Nd6 25. Bg3 Nf7 26. Rf1 Qg5+ 27. Kb2 Nd8 28. Rf5 Nxe6 29. Rxg5 Nxg5 30. Qe5 Rh7 31. Qc7+ Ke8 32. Qxb6 Rc8 33. Qg6+ Kd7 34. Qd6+ Ke8 35. Qg6+ Kd7 36. Qd6+ 1/2-1/2

[Event "USA Masters"]
[Site "Chicago"]
[Date "1990.??.??"]
[Round "5"]
[White "Ross, Paul"]
[Black "Ardaman, Miles"]
[Result "0-1"]
[WhiteElo "2280"]
[BlackElo "2415"]
[PlyCount "84"]
[EventDate "1990.??.??"]
[EventType "swiss"]
[EventRounds "7"]
[EventCountry "USA"]
[SourceTitle "EXT 1997"]
[Source "ChessBase"]
[SourceDate "1996.11.15"]
[SourceVersion "1"]
[SourceVersionDate "1996.11.15"]
[SourceQuality "1"]

1. d4 Nf6 2. Nf3 c5 3. c3 b6 4. Bf4 Bb7 5. e3 e6 6. Nbd2 Be7 7. Bd3 Nh5 8. Bg3 Nc6 9. Qe2 g6 10. Rd1 cxd4 11. exd4 0-0 12. Ng1 f5 13. f4 Qc7 14. Nh3 Rae8 15. 0-0 Bf6 16. Qf2 Kh8 17. Bh4 Bg7 18. Be2 Nf6 19. Bxf6 Bxf6 20. Bf3 Ba6 21. Rfe1 Nd8 22. Be2 Bb7 23. Bf3 d6 24. Bxb7 Nxb7 25. Re3 Re7 26. Rde1 Rfe8 27. R1e2 d5 28. Qg3 Nd6 29. Nf2 Ne4 30. Ndxe4 dxe4 31. Nh3 Rg7 32. Kf1 b5 33. a3 a5 34. Re1 h6 35. Qf2 g5 36. g3 Be7 37. Qe2 Rb8 38. Qh5 Rh7 39. Qg6 Qc4+ 40. R3e2 g4 41. Nf2 h5 42. Nxe4 Rg8 0-1

[Event "USA Masters"]
[Site "Chicago"]
[Date "1990.??.??"]
[Round "2"]
[White "Ross, Paul"]
[Black "Stone, Raymond"]
[Result "1/2-1/2"]
[WhiteElo "2280"]
[BlackElo "2345"]
[PlyCount "132"]
[EventDate "1990.??.??"]
[EventType "swiss"]
[EventRounds "7"]
[EventCountry "USA"]
[SourceTitle "EXT 1997"]
[Source "ChessBase"]
[SourceDate "1996.11.15"]
[SourceVersion "1"]
[SourceVersionDate "1996.11.15"]
[SourceQuality "1"]

1. d4 Nf6 2. Nf3 e6 3. c4 c5 4. d5 exd5 5. cxd5 d6 6. Nc3 g6 7. Nd2 Bg7 8. Nc4 0-0 9. Bg5 Qe7 10. a4 Nbd7 11. e3 Ne5 12. Nxe5 Qxe5 13. Bf4 Qe7 14. Be2 Nd7 15. h4 Ne5 16. Ra3 Bd7 17. Rb3 Rab8 18. Bg5 f6 19. Bf4 f5 20. Bg5 Bf6 21. Bxf6 Qxf6 22. g3 a6 23. f4 Nf7 24. Rb6 Rbe8 25. Qd2 Bc8 26. Kf2 Kg7 27. Nb1 Re4 28. Nc3 Re7 29. Bf3 Rfe8 30. Nd1 Nh6 31. Qc3 Rd8 32. Re1 Ng8 33. Re2 Kf7 34. Rc2 Rc7 35. Qxf6+ Nxf6 36. a5 Ke7 37. Nc3 Nd7 38. Rb3 Nf6 39. Nb1 Bd7 40. Nc3 Rb8 41. Be2 c4 42. Ra3 Rc5 43. Bf3 Be8 44. e4 fxe4 45. Nxe4 Nxe4+ 46. Bxe4 Bf7 47. b4 cxb3 48. Rxc5 dxc5 49. Rxb3 b5 50. axb6 Kd6 51. b7 c4 52. Rb6+ Kc5 53. Rxa6 Rxb7 54. d6 Rd7 55. Rc6+ Kd4 56. Bf3 Be6 57. h5 gxh5 58. Bxh5 Bd5 59. Ra6 Kc5 60. Ke3 Rxd6 61. Rxd6 Kxd6 62. Kd4 Bb7 63. Kxc4 Ke6 64. g4 h6 65. Kd4 Kf6 66. Ke3 Bc6 1/2-1/2

[Event "Canada zt"]
[Site "Canada"]
[Date "1989.??.??"]
[Round "?"]
[White "Hartman, Brian"]
[Black "Ross, Paul"]
[Result "1/2-1/2"]
[WhiteElo "2345"]
[BlackElo "2260"]
[PlyCount "122"]
[EventDate "1989.??.??"]
[EventType "tourn"]
[EventRounds "15"]
[EventCountry "CAN"]
[EventCategory "4"]
[SourceTitle "EXT 1997"]
[Source "ChessBase"]
[SourceDate "1996.11.15"]
[SourceVersion "1"]
[SourceVersionDate "1996.11.15"]
[SourceQuality "1"]

1. e4 e6 2. d4 d5 3. Nd2 c5 4. Ngf3 cxd4 5. exd5 Qxd5 6. Bc4 Qd6 7. 0-0 Nf6 8. Nb3 Nc6 9. Nbxd4 Nxd4 10. Nxd4 a6 11. Be3 Qc7 12. Bb3 Bd6 13. h3 0-0 14. Qd3 Bd7 15. Rfd1 Bh2+ 16. Kh1 Bf4 17. c4 Rad8 18. Nf3 Bxe3 19. Qxe3 Bc6 20. Kg1 Be4 21. Rac1 h6 22. a3 Rxd1+ 23. Bxd1 Rd8 24. Be2 Bxf3 25. Bxf3 e5 26. c5 e4 27. Bxe4 Re8 28. f3 Qe5 29. b4 Nxe4 30. fxe4 Qxe4 31. Qxe4 Rxe4 32. c6 bxc6 33. Rxc6 a5 34. b5 Re1+ 35. Kf2 Rb1 36. a4 Rb4 37. Rc8+ Kh7 38. Rc1 Rxa4 39. Rb1 Rd4 40. Ke3 Rd8 41. Ra1 Rd5 42. Rxa5 f5 43. Ke2 h5 44. Ke3 h4 45. Kf4 Rc5 46. Kg5 Rc2 47. Kxf5 Rxg2 48. Ra8 Rc2 49. Rb8 Rg2 50. b6 Rg3 51. Rc8 Rb3 52. Rc6 Rxh3 53. Kg4 Rb3 54. Kxh4 Rb5 55. Kg4 Kg8 56. Rc8+ Kh7 57. Rb8 Kg6 58. Kf4 Kf6 59. Ke4 Ke6 60. Kd4 Kd6 61. Kc4 Rb1 1/2-1/2

[Event "Canada zt"]
[Site "Canada"]
[Date "1989.??.??"]
[Round "?"]
[White "Ross, Paul"]
[Black "Bailey, Doug"]
[Result "1/2-1/2"]
[WhiteElo "2260"]
[BlackElo "2355"]
[PlyCount "56"]
[EventDate "1989.??.??"]
[EventType "tourn"]
[EventRounds "15"]
[EventCountry "CAN"]
[EventCategory "4"]
[SourceTitle "EXT 1997"]
[Source "ChessBase"]
[SourceDate "1996.11.15"]
[SourceVersion "1"]
[SourceVersionDate "1996.11.15"]
[SourceQuality "1"]

1. d4 Nf6 2. c4 g6 3. Nc3 d5 4. Nf3 Bg7 5. Qb3 dxc4 6. Qxc4 0-0 7. e4 Bg4 8. Be3 Nfd7 9. Qb3 Bxf3 10. gxf3 Nc6 11. Rd1 e5 12. dxe5 Ncxe5 13. Be2 Qh4 14. h3 Nb6 15. Nd5 Kh8 16. f4 Nc6 17. Bf3 f5 18. e5 g5 19. Nxc7 Na5 20. Qe6 Nbc4 21. Bc1 Rac8 22. Rd7 Nb6 23. Rxg7 Kxg7 24. Qe7+ Rf7 25. Ne8+ Kg8 26. Nf6+ Kg7 27. Ne8+ Kg8 28. Nf6+ Kg7 1/2-1/2

[Event "Canada zt"]
[Site "Canada"]
[Date "1989.??.??"]
[Round "?"]
[White "Ross, Paul"]
[Black "Taylor, Gordon"]
[Result "1-0"]
[WhiteElo "2260"]
[BlackElo "2345"]
[PlyCount "93"]
[EventDate "1989.??.??"]
[EventType "tourn"]
[EventRounds "15"]
[EventCountry "CAN"]
[EventCategory "4"]
[SourceTitle "EXT 1997"]
[Source "ChessBase"]
[SourceDate "1996.11.15"]
[SourceVersion "1"]
[SourceVersionDate "1996.11.15"]
[SourceQuality "1"]

1. d4 Nf6 2. c4 g6 3. Nf3 Bg7 4. Nc3 d6 5. e4 0-0 6. Be2 e5 7. d5 a5 8. Bg5 h6 9. Bh4 Qe8 10. 0-0 Na6 11. Nd2 Bd7 12. b3 Nh7 13. f3 f5 14. a3 b6 15. Bf2 f4 16. Rb1 Rf7 17. b4 axb4 18. axb4 Bf8 19. Qb3 g5 20. Ra1 g4 21. c5 g3 22. hxg3 fxg3 23. Be3 Rf4 24. Bxa6 Qh5 25. Rfe1 Rh4 26. Kf1 Rh1+ 27. Ke2 Rxe1+ 28. Rxe1 Rxa6 29. cxb6 cxb6 30. b5 Ra8 31. Bxb6 Ng5 32. Rg1 Rb8 33. Be3 Nf7 34. b6 Be7 35. Qc4 Bd8 36. Qa6 Rc8 37. b7 Rxc3 38. b8Q Kg7 39. Qa1 Rc8 40. Qb7 Rc7 41. Qb4 Qh2 42. Kd3 Qh4 43. Rc1 Rxc1 44. Qxc1 Qe7 45. Qh1 Qe8 46. Nc4 Bc7 47. Qh4 1-0

[Event "Saint John op-2"]
[Site "Saint John"]
[Date "1988.??.??"]
[Round "?"]
[White "Hamilton, Robert"]
[Black "Ross, Paul"]
[Result "0-1"]
[WhiteElo "2365"]
[BlackElo "2235"]
[PlyCount "84"]
[EventDate "1988.02.08"]
[EventType "swiss"]
[EventRounds "9"]
[EventCountry "CAN"]
[SourceTitle "CBM 006"]
[Source "ChessBase"]
[SourceDate "1988.10.01"]
[SourceVersion "1"]
[SourceVersionDate "1988.10.01"]
[SourceQuality "1"]

1. e4 e6 2. d4 d5 3. Nc3 Nf6 4. Bg5 Bb4 5. e5 h6 6. Bd2 Bxc3 7. bxc3 Ne4 8. Bd3 Nxd2 9. Qxd2 c5 10. dxc5 Qc7 11. Nf3 Nd7 12. 0-0 0-0 13. c4 dxc4 14. Bxc4 Nxe5 15. Nxe5 Qxe5 16. Qd6 Qxd6 17. cxd6 Rd8 18. Rfd1 Bd7 19. Rab1 Rac8 20. Bd3 b6 21. f4 g6 22. g4 Ba4 23. f5 exf5 24. gxf5 Bxc2 25. Bxc2 Rxc2 26. fxg6 fxg6 27. Rb3 Rd7 28. Rg3 Kg7 29. a4 Rc5 30. Kf2 Kf6 31. Rgd3 Re5 32. Kg3 Ke6 33. Kf3 Rf7+ 34. Kg3 Kd7 35. h4 Rf6 36. Rd4 Rc5 37. R1d3 Rc6 38. a5 Rcxd6 39. axb6 axb6 40. h5 gxh5 41. Kh4 Rxd4+ 42. Rxd4+ Kc6 0-1

[Event "Saint John op-2"]
[Site "Saint John"]
[Date "1988.??.??"]
[Round "?"]
[White "Ross, Paul"]
[Black "Frias Pablaza, Victor J"]
[Result "0-1"]
[WhiteElo "2235"]
[BlackElo "2485"]
[PlyCount "104"]
[EventDate "1988.02.08"]
[EventType "swiss"]
[EventRounds "9"]
[EventCountry "CAN"]
[SourceTitle "CBM 006"]
[Source "ChessBase"]
[SourceDate "1988.10.01"]
[SourceVersion "1"]
[SourceVersionDate "1988.10.01"]
[SourceQuality "1"]

1. d4 Nf6 2. Nf3 e6 3. Bg5 c5 4. e3 b6 5. Nbd2 cxd4 6. exd4 Bb7 7. Bd3 Be7 8. Qe2 d6 9. c3 Nbd7 10. h3 a6 11. 0-0 0-0 12. Rfe1 Re8 13. Qf1 Qc8 14. Bf4 Bc6 15. Nh2 b5 16. Nb3 Bd5 17. Ng4 Nxg4 18. hxg4 Bc4 19. Nd2 Bxd3 20. Qxd3 Nf6 21. Ne4 Nxe4 22. Qxe4 d5 23. Qd3 Qc4 24. Qxc4 bxc4 25. b3 cxb3 26. axb3 g5 27. Bg3 Rec8 28. Re3 a5 29. Kf1 Rc6 30. c4 dxc4 31. d5 Rcc8 32. dxe6 fxe6 33. bxc4 Rxc4 34. Rxe6 Kf7 35. Rb6 Rxg4 36. Bd6 Bf6 37. Ra3 Re4 38. Rb5 a4 39. Rb7+ Kg6 40. Rb6 Rc8 41. Re3 Rxe3 42. fxe3 Kf5 43. Ba3 Rc4 44. Bb2 Bxb2 45. Rxb2 Rc5 46. Ra2 Ra5 47. Ra3 h5 48. g3 Ke4 49. Ke2 Ra8 50. Kf2 Kd5 51. Kf3 Kc4 52. Ke4 Ra5 0-1

[Event "Saint John op-2"]
[Site "Saint John"]
[Date "1988.??.??"]
[Round "?"]
[White "Ross, Paul"]
[Black "Kuczynski, Robert"]
[Result "0-1"]
[WhiteElo "2235"]
[BlackElo "2485"]
[PlyCount "66"]
[EventDate "1988.02.08"]
[EventType "swiss"]
[EventRounds "9"]
[EventCountry "CAN"]
[SourceTitle "CBM 006"]
[Source "ChessBase"]
[SourceDate "1988.10.01"]
[SourceVersion "1"]
[SourceVersionDate "1988.10.01"]
[SourceQuality "1"]

1. d4 f5 2. Bg5 Nf6 3. e3 e6 4. Nd2 Be7 5. Bd3 b6 6. Qe2 Bb7 7. f3 c5 8. c3 Nc6 9. Nh3 Rc8 10. Nf4 0-0 11. 0-0 h6 12. Bxf6 Bxf6 13. Rad1 Re8 14. Bb1 Qe7 15. d5 Ne5 16. d6 Qf7 17. e4 g5 18. Nd3 f4 19. Nf2 Rc6 20. Nb3 Qf8 21. Nc1 Rxd6 22. Rxd6 Qxd6 23. Rd1 Qe7 24. Ncd3 Ba6 25. Qd2 Bb5 26. h3 Qg7 27. Ne1 Bc6 28. Qc2 h5 29. Ned3 Nxd3 30. Qxd3 Be5 31. Qa6 Bb8 32. a4 Qf6 33. Ba2 Kg7 0-1

[Event "Saint John op-2"]
[Site "Saint John"]
[Date "1988.??.??"]
[Round "?"]
[White "Ross, Paul"]
[Black "Sherzer, Alex"]
[Result "1-0"]
[WhiteElo "2235"]
[BlackElo "2330"]
[PlyCount "71"]
[EventDate "1988.02.08"]
[EventType "swiss"]
[EventRounds "9"]
[EventCountry "CAN"]
[SourceTitle "CBM 006"]
[Source "ChessBase"]
[SourceDate "1988.10.01"]
[SourceVersion "1"]
[SourceVersionDate "1988.10.01"]
[SourceQuality "1"]

1. d4 Nf6 2. c4 c5 3. d5 d6 4. Nc3 g6 5. e4 Bg7 6. Bd3 0-0 7. h3 a6 8. a4 e6 9. Nf3 exd5 10. exd5 Re8+ 11. Be3 Nh5 12. 0-0 f5 13. Bg5 Bf6 14. Bxf6 Qxf6 15. Re1 Rxe1+ 16. Qxe1 Nd7 17. Qe8+ Nf8 18. Re1 Ng7 19. Qe3 Bd7 20. Qd2 Re8 21. a5 Rxe1+ 22. Qxe1 g5 23. Qd2 h6 24. Ne2 Ng6 25. b4 Qa1+ 26. Kh2 g4 27. hxg4 fxg4 28. Bxg6 gxf3 29. Ng3 cxb4 30. Qxb4 Qd4 31. Qb6 Qxb6 32. axb6 fxg2 33. Ne4 Bf5 34. Nxd6 Bxg6 35. Nxb7 Bf5 36. Nd6 1-0

[Event "Toronto Victoria Day op"]
[Site "Toronto"]
[Date "1982.05.24"]
[Round "5"]
[White "Pacey, Kevin"]
[Black "Ross, Paul"]
[Result "1/2-1/2"]
[WhiteElo "2056"]
[BlackElo "1987"]
[PlyCount "43"]
[EventDate "1982.05.22"]
[EventType "swiss"]
[EventRounds "6"]
[EventCountry "CAN"]
[SourceTitle "EXT 2022"]
[Source "ChessBase"]
[SourceDate "2021.10.06"]
[SourceVersion "1"]
[SourceVersionDate "2021.10.06"]
[SourceQuality "1"]

1. e4 d6 2. d4 g6 3. Nc3 Bg7 4. g3 Nc6 5. Be3 e5 6. dxe5 Nxe5 7. f4 Bg4 8. Be2 Nc4 9. Bc1 Bxe2 10. Qxe2 Bxc3+ 11. bxc3 b5 12. Nf3 Ne7 13. Nd2 d5 14. Nxc4 bxc4 15. 0-0 0-0 16. exd5 Qxd5 17. Ba3 Nf5 18. Bxf8 Rxf8 19. Rfe1 Nd6 20. Qe5 Qc6 21. Qd4 a6 22. Re2 1/2-1/2

[Event "CAN-ch U20 1980-81"]
[Site "Edmonton"]
[Date "1981.01.01"]
[Round "8"]
[White "Ross, Paul"]
[Black "Hawkes, Rob"]
[Result "0-1"]
[WhiteElo "2013"]
[BlackElo "2143"]
[PlyCount "68"]
[EventDate "1980.12.26"]
[EventType "tourn"]
[EventRounds "11"]
[EventCountry "CAN"]
[SourceTitle "EXT 2022"]
[Source "ChessBase"]
[SourceDate "2021.10.06"]
[SourceVersion "1"]
[SourceVersionDate "2021.10.06"]
[SourceQuality "1"]

1. g3 g6 2. Bg2 Bg7 3. c4 e5 4. Nc3 Nc6 5. e3 d6 6. Nge2 Be6 7. d3 Qd7 8. 0-0 h5 9. Nd5 Nh6 10. Re1 h4 11. f3 hxg3 12. Nxg3 0-0-0 13. a3 Bh3 14. Re2 Bxg2 15. Rxg2 Ne7 16. Nxe7+ Qxe7 17. Ra2 d5 18. Qc2 dxc4 19. dxc4 f5 20. b4 Nf7 21. Nxf5 gxf5 22. Rxg7 Qh4 23. Rg3 f4 24. exf4 exf4 25. Qf5+ Kb8 26. Bxf4 Rd1+ 27. Kf2 Qxh2+ 28. Rg2 Qh4+ 29. Rg3 Qh1 30. Bxc7+ Ka8 31. Ke3 Re8+ 32. Be5 Nxe5 33. Qe4 Nxc4+ 34. Kf2 Qf1# 0-1